Parlamentarismo en Costa Rica, en busca de nuevos acuerdos, sin los viejos temores /
Gorde:
| Egile nagusia: | |
|---|---|
| Beste egile batzuk: | |
| Formatua: | Texto |
| Etiketak: |
Etiketa erantsi
Etiketarik gabe, Izan zaitez lehena erregistro honi etiketa jartzen!
|
MARC
| LEADER | 00000 a a2200000 04500 | ||
|---|---|---|---|
| 001 | 16896 | ||
| 003 | |||
| 040 | |||
| 100 | |a Piza Rocafort, Rodolfo | ||
| 245 | |a Parlamentarismo en Costa Rica, en busca de nuevos acuerdos, sin los viejos temores / |c Rodolfo Piza Rocafort | ||
| 700 | |a Muñoz Quesada, Hugo Alfonso | ||
| 773 | |g volumen 16, número 3; páginas 102-225 | ||
| 999 | |c 24487 |d 24487 | ||
